00692nam a22002297a 4500003000200000005001700002008000200019010001300021020002200034035002300056037001600079040001500095082001600110100001800126245010800144260003800252270006100290300002500351500005200376650001200428650002200440020180806124414.00 aB-031388 c00.00a8185495467 aB-031388, B-031389 bCen Lib/Ret aDPLbENc0 a181.43bDAT aDutta, Deepti aSāṁkhya, a prologue to Yoga : cby Deepti Duttaba study of its development through ancient texts / aNew DelhibKhama Publishersc2001 aB-7, 7255, Ajindra Market, Prem NagarbNew Delhie110007 axiv,220p. c23cm(Hb) aIncludes bibliographical references and index  aSankhya aPhilosophy, Indic